| 000 | 00378nam a2200145Ia 4500 | ||
|---|---|---|---|
| 008 | 150201s2009 xx 000 0 und d | ||
| 082 |
_a610.7 _bP09C |
||
| 100 | _aCLEMENT , I. | ||
| 245 | _aPRACTICAL RECORD / CUMULATIVE RECORD FOR GENERAL NURSING & MIDWIFERY COURES | ||
| 250 | _a1ST | ||
| 260 |
_bJAYPEE _aDELHI _c2009 |
||
| 300 | _a36 | ||
| 650 | _aNURSING | ||
| 942 |
_2ddc _cBK |
||
| 999 |
_c2108 _d2108 |
||